Пропуск в контексте

Глобальные вызовы и региональное развитие в зеркале социологических измерений : в 2-х частях. Ч. 1. Материалы VI международной научно-практической интернет-конференции (г. Вологда, 29 марта -2 апреля 2021 г.)

В сборнике представлены статьи VI международной научно-практической интернет-конференции «Глобальные вызовы и региональное развитие в зеркале социологических измерений» состоявшейся на площадке Вологодского научного центра РАН с 29 марта по 2 апреля 2021 года. В конференции приняли участие социологи...

Fuld beskrivelse

Сохранить в:
Bibliografiske detaljer
Format: Материалы конференций
Online adgang:https://znanium.com/catalog/document?id=438171
https://znanium.com/cover/2126/2126967.jpg
Tags: Tilføj Tag
Ingen Tags, Vær først til at tagge denne postø!
LEADER 04056nam0a2200289 i 4500
001 RU\infra-m\znanium\bibl\2126967
003 https://znanium.com/catalog/document?id=438171
005 20231114000000.0
010 |a 978-5-93299-524-2 
100 |a 20231114d2023 m y0rusy0150 ca 
101 0 |a rus 
102 |a RU 
200 1 |a Глобальные вызовы и региональное развитие в зеркале социологических измерений : в 2-х частях. Ч. 1.  |e Материалы VI международной научно-практической интернет-конференции (г. Вологда, 29 марта -2 апреля 2021 г.)  |e Материалы конференций 
210 1 |a Вологда  |c ФЕДЕРАЛЬНОЕ ГОСУДАРСТВЕННОЕ БЮДЖЕТНОЕ УЧРЕЖДЕНИЕ НАУКИ«ВОЛОГОДСКИЙ НАУЧНЫЙ ЦЕНТР РОССИЙСКОЙ АКАДЕМИИ НАУК»  |d 2021 
215 |a 363 с. 
330 |a В сборнике представлены статьи VI международной научно-практической интернет-конференции «Глобальные вызовы и региональное развитие в зеркале социологических измерений» состоявшейся на площадке Вологодского научного центра РАН с 29 марта по 2 апреля 2021 года. В конференции приняли участие социологи экономисты демографы и представители смежных наук из научных учреждений и вузов регионов России и стран ближнего и дальнего зарубежья. В публикуемых материалах затрагивается широкий спектр проблем связанных с последствиями пандемии коронавируса COVID-19. Обсуждение вопросов конференции проходило в 5 тематических секций: «Население в условиях пандемии и эффективность государственного управления» «Экономика регионов и пандемия: предварительные итоги и прогнозы» «Уязвимые слои общества в ракурсе глобальных вызовов» «Жизнь после пандемии: на пути к цифровому обществу» и «Социальный капитал в условиях пандемии: взлеты и падения». Материалы конференции будут полезны для научных работников социологов экономистов преподавателей вузов специалистов в области государственного управления представителей общественности СМИ и всех интересующихся вопросами социально-экономического развития России. Тексты докладов приводятся в авторской редакции. 
333 |a ВО - Магистратура 
606 |a Экономика. Бухгалтерский учет. Финансы  |x Экономика России  |2 local 
608 |a Материалы конференций  |2 local 
675 |a 316  |z rus 
686 |a 605  |2 rubbk 
686 |a 38.04.01  |2 okso 
686 |a 38.04.04  |2 okso 
686 |a 39.04.01  |2 okso 
801 0 |a RU  |b Общество с ограниченной ответственностью «ЗНАНИУМ»  |c 20231110  |2 rusmarc 
856 4 |a znanium.com  |m ebs_support@infra-m.ru  |n НИЦ ИНФРА-М  |u https://znanium.com/catalog/document?id=438171 
856 4 1 |a znanium.com  |d /cover/2126  |f 2126967.jpg  |q image/jpeg  |u https://znanium.com/cover/2126/2126967.jpg